LEADER 00892nam a2200217 i 4500 001 000000071519 003 CaOOAMICUS 005 20081205000000.0 008 081205s1965 ne u000 u eng u 013 $a42691 040 $aSeMil$bita 100 1 $aBoche?ski, Józef Maria,$c.$0(OLS)http://semarc/name/2687 245 14$aThe methods of contemporary thought /$cJ.. M. Bochenski. 260 $aDordrecht :$bD. Reidel Publ. Co.,$c1965. 300 $aX, 135 p. ;$c23 cm. 650 4$aLogica.$0(OLS)http://semarc/subject/2494 650 4$aFilosofia - Metodologia.$0(OLS)http://semarc/subject/14315 850 $aSeMil 852 $aSeMil$W1$xVenegono$y1$m2P IV 230$j37672$B37672$CSeMilBibl$Z2$F37675 $81 996 $6245$aThe methods of contemporary thought$9(OLS)http://semarc/title/115028 996 $6260$aDordrecht :$bD. Reidel Publ. Co.$9(OLS)http://semarc/publisher/35319 LEADER 00854nam a2200217 i 4500 001 000000200912 003 CaOOAMICUS 005 20110415000000.0 008 110415n it u000 u ita u 013 $a179613 040 $aSeMil$bita 100 1 $aGrabinski, Giuseppe <1849-1910>.$0(OLS)http://semarc/name/41471 245 13$aLa vita parigina sotto il regime del terrore /$cGiuseppe Grabinski. 260 $a[S.l. :$bs.n.,$c189?] 300 $aP. [279]-317 ;$c24 cm. 500 $aEstratto da «La rassegna nazionale», vol. 57. 773 0 $t[Miscellanea politica.$w()24768 850 $aSeMil 852 $aSeMil$W1$xVenegono$y1$m5A II 24/11 FA$j151441$B151441$CSeMilBibl$Z2$F162664 $8I 996 $6245$aLa vita parigina sotto il regime del terrore$9(OLS)http://semarc/title/290649 996 $6260$a[S.l. :$bs.n.$9(OLS)http://semarc/publisher/31686